[Event "Buenos Aires WOBRON"]
[Site "Buenos Aires"]
[Date "1971.??.??"]
[Round "4"]
[White "Rubinetti, Jorge A"]
[Black "Bolbochan, Julio"]
[Result "1/2-1/2"]
[WhiteElo "2425"]
[BlackElo "2500"]

1.d4 Nf6 2.c4 d6 3.Nc3 e5 4.Nf3 Nbd7 5.e4 g6 6.Be2 Bg7 7.O-O O-O 8.d5 a5
9.Bg5 h6 10.Bh4 g5 11.Bg3 Nh5 12.Nd2 Nf4 13.Bg4 Nc5 14.f3 f5 15.Bxf5 Bxf5
16.exf5 Rxf5 17.Nde4 b6 18.a3 Rf8 19.b4 axb4 20.axb4 Rxa1 21.Qxa1 Nb3 22.Qa2 Nd4
23.c5 bxc5 24.bxc5 Nf5 25.cxd6 cxd6 26.Bf2 Qa8 27.Ra1 Qxa2 28.Rxa2 Rb8 29.h3 Rb3
30.Kh2 Ne7 31.Rd2 Nf5 32.Ra2 Ne7 33.Ra8+ Kh7 34.Ra5 Rb2 35.Nd1 Rb3 36.Ne3 Rd3
37.Ra7 Nfxd5 38.Nxd5 Nxd5 39.Nxd6 Kg6 40.Ne4 Nf6 41.Ra6 Kf7 42.Nd6+ Kg6 43.Nc4 Rd5
44.Bg3 Kh7 45.Bxe5 Ng4+ 46.hxg4 Bxe5+ 47.Nxe5 Rxe5 48.Kh3 Re2 49.Kg3 Re3
50.Rc6 Ra3 51.Re6  1/2-1/2

[Event "Hastings7172"]
[Site "Hastings"]
[Date "1971.??.??"]
[Round "8"]
[White "Najdorf, Miguel"]
[Black "Keene, Raymond D"]
[Result "1/2-1/2"]
[WhiteElo "2530"]
[BlackElo "2465"]

1.d4 g6 2.c4 Bg7 3.Nc3 d6 4.Nf3 Nf6 5.e4 O-O 6.Be2 e5 7.O-O Nbd7 8.Re1 c6
9.Rb1 Ng4 10.d5 c5 11.Nd2 Nh6 12.b4 f5 13.bxc5 Nxc5 14.f3 Nf7 15.Nb3 b6 16.Nxc5 bxc5
17.Bd2 Bf6 18.Bd3 Bg5 19.Bxg5 Nxg5 20.Qd2 fxe4 21.Nxe4 Nxe4 22.Bxe4 Ba6 23.Qc3 Qc7
24.Qa3 Bc8 25.Rb3 Bd7 26.Reb1 Rfb8 27.Qb2 Rxb3 28.Qxb3 Rf8 29.Qb7 Rc8 30.h4 Kf7
31.h5 Bf5 32.hxg6+ hxg6 33.Kf2 Kf6 34.Kg3 Kg5 35.a4 Bxe4 36.fxe4 Qxb7 37.Rxb7 Rf8
38.Rxa7 Rf4 39.Rd7 Rxe4 40.Rxd6 Rxc4 41.a5 Ra4 42.a6 Kf5 43.Rc6 e4 44.d6 Ra3+
45.Kf2 Ke6 46.Rxc5 Rxa6  1/2-1/2

[Event "Hastings7172"]
[Site "Hastings"]
[Date "1971.??.??"]
[Round "15"]
[White "Keene, Raymond D"]
[Black "Ciocaltea, Victor"]
[Result "1/2-1/2"]
[WhiteElo "2465"]
[BlackElo "2460"]

1.d4 Nf6 2.c4 g6 3.Nc3 Bg7 4.e4 d6 5.Be2 O-O 6.Nf3 e5 7.d5 a5 8.O-O Na6 9.Qc2 Nc5
10.Bg5 h6 11.Be3 b6 12.Nd2 h5 13.h3 Nh7 14.a3 a4 15.Rae1 Bd7 16.Kh2 Bf6 17.Nb5 Bg5
18.Bd3 Bxe3 19.Rxe3 g5 20.Be2  1/2-1/2

[Event "Capablanca mem"]
[Site "Havana"]
[Date "1971.??.??"]
[Round "9"]
[White "Letelier, Rene"]
[Black "Cobo Arteaga, Eldis"]
[Result "1/2-1/2"]
[WhiteElo "2310"]
[BlackElo "2410"]

1.d4 Nf6 2.c4 g6 3.Nc3 Bg7 4.e4 d6 5.Nf3 O-O 6.Be2 e5 7.O-O Nbd7 8.Re1 c6
9.Bf1 Re8 10.d5 c5 11.g3 Rf8 12.Bg2 Ne8 13.Bg5 f6 14.Be3 f5 15.exf5 gxf5
16.Ng5 Nc7 17.Nb5 Nxb5 18.Ne6 Qe7 19.Nxf8 Nc3 20.bxc3 Qxf8 21.Bd2 b6 22.Qa4 Nf6
23.f4 Bd7 24.Qc2 e4 25.a4 a5  1/2-1/2

[Event "DEN-ch"]
[Site "Hjorring"]
[Date "1971.??.??"]
[Round "6"]
[White "Hamann, Svend"]
[Black "Hvenekilde, Jorgen"]
[Result "1/2-1/2"]
[WhiteElo "2490"]
[BlackElo "2260"]

1.d4 Nf6 2.Nf3 g6 3.c4 Bg7 4.Nc3 O-O 5.e4 d6 6.Be2 e5 7.d5 Ne8 8.h4 h6 9.Bd2 f5
10.Qc1 f4 11.g3 fxg3 12.fxg3 Bg4 13.Nh2 Bxe2 14.Kxe2 c6 15.Bxh6 Qb6 16.Be3 Qa6
17.b3 b5 18.cxb5 cxb5 19.b4 Nd7 20.Rf1 Nef6 21.Qd2 Rac8 22.Qd3 Rc4 23.a3 Qc8
24.Rac1 Nh5 25.Rxf8+ Qxf8 26.Nf1 a6 27.Nd1 Ndf6 28.Rxc4 bxc4 29.Qxc4 Nxe4
30.Qxe4 Qxf1+ 31.Kxf1 Nxg3+ 32.Kf2 Nxe4+ 33.Kf3 Nf6 34.Nc3 Kf8 35.a4 Ke7
36.b5 axb5 37.a5 Kd7 38.a6 Kc8 39.Nxb5 Nxd5 40.a7 Kb7 41.Nxd6+ Ka8 42.Bf2 Bf6
43.Kg4 Nc7 44.Be3 Nd5 45.Bf2 Nc7 46.Nc8 Kb7 47.Nb6 Bxh4  1/2-1/2

[Event "Mar del Plata"]
[Site "Mar del Plata"]
[Date "1971.??.??"]
[Round "4"]
[White "Najdorf, Miguel"]
[Black "Schweber, Samuel"]
[Result "1/2-1/2"]
[WhiteElo "2530"]
[BlackElo "2435"]

1.d4 Nf6 2.c4 g6 3.Nc3 Bg7 4.e4 d6 5.Be2 O-O 6.Nf3 e5 7.O-O Nbd7 8.Re1 c6
9.Rb1 Ng4 10.d5 c5 11.a3 f6 12.b4 Nh6 13.Nd2 f5 14.Nb3 b6 15.bxc5 bxc5 16.Bd2 Nf6
17.Bd3 Nfg4 18.f3 Qh4 19.fxg4 Nxg4 20.h3 Qf2+ 21.Kh1 Qg3 22.hxg4 Qh4+ 23.Kg1 fxg4
24.Ne2  1/2-1/2

[Event "Novy Smokovec"]
[Site "Novy Smokovec"]
[Date "1971.??.??"]
[Round "5"]
[White "Zilberstein, Valery I"]
[Black "Bugar, Anton"]
[Result "1-0"]
[WhiteElo "2200"]
[BlackElo "2200"]

1.d4 Nf6 2.c4 g6 3.Nc3 Bg7 4.e4 d6 5.Be2 O-O 6.Nf3 Nbd7 7.O-O e5 8.Re1 exd4
9.Nxd4 Nc5 10.Bf1 Ng4 11.Nf3 Be6 12.Bg5 Bf6 13.Bxf6 Qxf6 14.Qc2 Rfe8 15.b4 Nd7
16.Nd5 Bxd5 17.cxd5 Nde5 18.Nd4 Re7 19.h3 Nd7 20.Qd2 Nh6 21.Nb5 Kg7 22.Nxc7 Rc8
23.Nb5 Rxe4 24.Rxe4 Qxa1 25.Nxd6 Rc1 26.Qd4+ Nf6 27.Ne8+ Kf8 28.Qxa1 Rxa1
29.Nxf6 Rd1 30.g4 Kg7 31.g5 Nf5 32.Re8 Nh6 33.Rb8  1-0

[Event "Villa Gesell op"]
[Site "Villa Gesell"]
[Date "1971.??.??"]
[Round "3"]
[White "Rossetto, Hector"]
[Black "Ocampo, Raul"]
[Result "1-0"]
[WhiteElo "2450"]
[BlackElo "2300"]

1.d4 Nf6 2.c4 g6 3.Nc3 Bg7 4.e4 d6 5.Be2 O-O 6.Nf3 e5 7.O-O Nbd7 8.d5 Nc5
9.Qc2 a5 10.Ne1 Ne8 11.Nd3 Nxd3 12.Bxd3 f5 13.Bd2 Kh8 14.a3 Nf6 15.b4 fxe4
16.Nxe4 Nxe4 17.Bxe4 axb4 18.axb4 Rxa1 19.Rxa1 Bf5 20.g3 Qd7 21.Be3 Bf6 22.Ra7 Rb8
23.Qd3 Bxe4 24.Qxe4 Qf5 25.Qxf5 gxf5 26.Kf1 Bd8 27.c5 Kg7 28.Ke2 Kf6 29.Kd3 Ke7
30.Kc4 Kd7 31.f3 h5 32.Rxb7 Rxb7 33.c6+ Kc8 34.cxb7+ Kxb7 35.Kb5 Bf6 36.h3  1-0

[Event "Islington op"]
[Site "Islington"]
[Date "1972.12.17"]
[Round "6"]
[White "Webb, Simon"]
[Black "Bennett, George H"]
[Result "1-0"]
[WhiteElo "2336"]
[BlackElo "2232"]

1.d4 Nf6 2.c4 g6 3.Nc3 Bg7 4.e4 O-O 5.Nf3 d6 6.Be2 e5 7.Be3 Nbd7 8.Qc2 c6
9.d5 c5 10.Nd2 Ne8 11.Rb1 f5 12.f3 f4 13.Bf2 Ndf6 14.a3 Nh5 15.b4 b6 16.bxc5 bxc5
17.Qd3 Bf6 18.Bd1 Bh4 19.Qe2 Bxf2+ 20.Qxf2 Qa5 21.Rb3 Rf7 22.Ndb1 Ba6 23.Qe2 Nhf6
24.O-O Nd7 25.Bc2 Nb6 26.Nd2 Rb7 27.Rfb1 Rab8 28.Qd3 Kf8 29.R3b2 Nxc4 30.Rxb7 Nxa3
31.Nb3 Bxd3 32.Nxa5 Rxb7 33.Rxb7 Nxc2 34.Rxa7 h5 35.Rd7 Na3 36.Nb7 Nb5 37.Nxb5 Bxb5
38.Rd8 Ke7 39.Rb8 Bd7 40.Na5 Nf6 41.h4 Be8 42.Kf2 Bd7 43.Ke2 Be8 44.Kd2 Bd7
45.Kc3 Be8 46.Kc4 Bd7 47.Nc6+ Kf7 48.Kb5 Be8 49.Rd8 Nd7 50.Ka5  1-0

[Event "WchT U26"]
[Site "Graz"]
[Date "1972.??.??"]
[Round "2"]
[White "Suba, Mihai"]
[Black "Nehmert, Ulrich"]
[Result "0-1"]
[WhiteElo "2200"]
[BlackElo "2200"]

1.c4 Nf6 2.Nf3 g6 3.Nc3 Bg7 4.e4 d6 5.d4 O-O 6.Be2 e5 7.d5 c5 8.O-O a6 9.a3 Nbd7
10.Ne1 Ne8 11.Be3 f5 12.f3 f4 13.Bf2 Bf6 14.b4 Bh4 15.Nd3 Bxf2+ 16.Rxf2 Qc7
17.Qb3 g5 18.bxc5 dxc5 19.Rb1 Qd6 20.Bf1 Rb8 21.Rfb2 Rf6 22.a4 h5 23.a5 Qc7
24.Qa3 Nd6 25.Nc1 g4 26.Nb3 Rg6 27.Kh1 Nf7 28.Na4 Ng5 29.Naxc5 Qd6 30.Ra1 gxf3
31.Nxd7 fxg2+ 32.Rxg2 Qxd7 33.Nd2 Qg7 34.h4 Nf7 35.Qe7 Bg4 36.Ra3 Kh8 37.Rb3 Rg8
38.Rb6 Be6 39.Rg5 Nxg5 40.Qxg7+ R8xg7 41.hxg5 Bg4 42.c5 Kh7 43.Kg2 Rc7 44.Nb3 Rxg5
45.d6 Rcg7 46.Nd2 Be2+ 47.Kf2 Bxf1 48.Nf3 Rg3 49.Nxe5 Bh3  0-1

[Event "NLD-ch"]
[Site "Leeuwarden"]
[Date "1972.??.??"]
[Round "3"]
[White "Timman, Anton P"]
[Black "Ree, Hans"]
[Result "1/2-1/2"]
[WhiteElo "2325"]
[BlackElo "2480"]

1.c4 Nf6 2.Nc3 g6 3.e4 d6 4.d4 Bg7 5.Nf3 O-O 6.Be2 Nbd7 7.O-O e5 8.Be3 c6
9.Qc2 Ng4 10.Bg5 Qb6 11.h3 f6 12.Bd2 Nh6 13.Be3 Qc7 14.Qd2 Nf7 15.Rfd1 Re8
16.Bf1 f5 17.exf5 gxf5 18.g3 f4 19.gxf4 e4 20.Ng5 Nf6 21.d5 c5 22.Bg2 Bf5
23.Kh2 Qd7 24.Ne2 h6 25.Nxf7 Kxf7 26.Rab1 a5 27.a3 b5 28.cxb5 Qxb5 29.Ng3 Qd7
30.Rdc1 a4 31.b4 axb3 32.Rxb3 Reb8 33.Rcb1 Rxb3 34.Rxb3 Kg6  1/2-1/2

[Event "URS-chT Moscow"]
[Site "Moscow"]
[Date "1972.??.??"]
[Round "?"]
[White "Ustinov, Georgy I"]
[Black "Fomin, A."]
[Result "0-1"]
[WhiteElo "2370"]
[BlackElo "2200"]

1.d4 Nf6 2.c4 g6 3.Nc3 Bg7 4.e4 d6 5.Be2 O-O 6.Nf3 e5 7.d5 a5 8.O-O Na6 9.Nd2 Bh6
10.Nb3 Bxc1 11.Qxc1 Nd7 12.Nxa5 f5 13.Nb3 f4 14.f3 g5 15.a3 h5 16.Nd2 Rf7
17.b4 Rg7 18.c5 g4 19.cxd6 cxd6 20.Rd1 Nf6 21.Kh1 Nh7 22.Nb5 g3 23.hxg3 Rxg3
24.Bf1 Qh4+ 25.Kg1 Ng5 26.Nxd6 Nh3+ 27.Kh2 Rg5 28.Nxc8 Qg3+ 29.Kh1 Qf2 30.Ne7+ Kh7  0-1

[Event "URS-chT Moscow"]
[Site "Moscow"]
[Date "1972.??.??"]
[Round "?"]
[White "Dragomarezkij, Evgeni"]
[Black "Vepkhvishvili, Varlam"]
[Result "0-1"]
[WhiteElo "2200"]
[BlackElo "2200"]

1.d4 Nf6 2.c4 g6 3.Nc3 Bg7 4.e4 d6 5.Nf3 O-O 6.Be2 e5 7.dxe5 dxe5 8.Qxd8 Rxd8
9.Bg5 Nbd7 10.O-O-O Rf8 11.Ne1 Nc5 12.f3 Ne6 13.Be3 Nd4 14.Nd3 c6 15.Rd2 Nd7
16.Bd1 a6 17.c5 b6 18.cxb6 Nxb6 19.Nxe5 c5 20.f4 Bxe5 21.fxe5 Nc4 22.Rd3 Nxe5
23.Rd2 Nc4 24.Rd3 Nxe3 25.Rxe3 Be6 26.Be2 Rfb8 27.Kb1 Rb4 28.Rc1 Rab8 29.Nd1 a5
30.h3 a4 31.a3 R4b6 32.Bc4 Nb3 33.Bxb3 Bxb3 34.Re2 Kf8 35.Ne3 Re6 36.Nf1 f5
37.Nd2 c4 38.e5 Rc8 39.Re3 Rec6 40.g4 f4 41.Rf3 g5 42.h4 h6 43.hxg5 hxg5
44.Rh3 Kg7 45.Rh5 Rh6 46.Rch1 Rxh5 47.Rxh5 Kg6 48.Ne4 Rd8 49.Rxg5+ Kf7 50.Nd6+ Ke6
51.Kc1 Rh8 52.Kd2 Rh3 53.Ne4 Rd3+  0-1

[Event "URS-chT Moscow"]
[Site "Moscow"]
[Date "1972.??.??"]
[Round "?"]
[White "Shmit, Anatoly"]
[Black "Tseitlin, Mark D"]
[Result "1/2-1/2"]
[WhiteElo "2200"]
[BlackElo "2200"]

1.d4 Nf6 2.c4 g6 3.Nc3 Bg7 4.e4 O-O 5.Nf3 d6 6.Be2 e5 7.dxe5 dxe5 8.Qxd8 Rxd8
9.Bg5 Re8 10.O-O-O Na6 11.Ne1 Nc5 12.f3 c6 13.Nc2 a5 14.b3 Be6 15.Be3 Bf8
16.Kb2 Nfd7 17.g4 Be7 18.h4  1/2-1/2

[Event "URS-chT Moscow"]
[Site "Moscow"]
[Date "1972.??.??"]
[Round "?"]
[White "Ivanov, Alexander"]
[Black "Kivlan, Ivars"]
[Result "1-0"]
[WhiteElo "2380"]
[BlackElo "2200"]

1.d4 Nf6 2.c4 g6 3.Nc3 Bg7 4.e4 d6 5.Nf3 O-O 6.Be2 e5 7.dxe5 dxe5 8.Qxd8 Rxd8
9.Bg5 Re8 10.O-O-O Nbd7 11.Nb5 Rf8 12.Nxc7 Rb8 13.Nd2 Nc5 14.f3 b6 15.b4 Ne6
16.Nxe6 Bxe6 17.Kb2 Rfc8 18.Rc1 Nd7 19.Nf1 a5 20.a3 axb4 21.axb4 Ra8 22.Bd2 Bf8
23.Ne3 b5 24.Rhd1 Ra4 25.c5 Ra2+ 26.Kb1 Bb3 27.Bd3 Rca8 28.Bc2 Bxc2+ 29.Nxc2 Nb8
30.Bc3 Nc6 31.Rd7 Bg7 32.Rcd1 Nd4 33.Nxd4 exd4 34.Bxd4 R2a4 35.Bxg7 Kxg7
36.R1d2 Rxb4+ 37.Rb2 Rc4 38.Rxb5 Rc8 39.Rbb7 R4xc5 40.Rxf7+ Kh6 41.h4 Rc1+
42.Kb2 R1c2+ 43.Kb3 R2c3+ 44.Kb4  1-0

[Event "Rubinstein mem"]
[Site "Polanica Zdroj"]
[Date "1972.??.??"]
[Round "12"]
[White "Adamski, Jan"]
[Black "Vasiukov, Evgeni"]
[Result "1/2-1/2"]
[WhiteElo "2370"]
[BlackElo "2575"]

1.Nf3 Nf6 2.c4 g6 3.Nc3 Bg7 4.e4 O-O 5.d4 d6 6.Be2 Nbd7 7.O-O e5 8.Be3 c6
9.Qc2 Ng4 10.Bg5 f6 11.Bh4 Nh6 12.dxe5 dxe5 13.b4 a5 14.a3 Qe7 15.c5  1/2-1/2

[Event "Sao Paulo zt"]
[Site "Sao Paulo"]
[Date "1972.??.??"]
[Round "8"]
[White "Camara, Helder"]
[Black "Rodriguez Vargas, Orestes"]
[Result "1/2-1/2"]
[WhiteElo "2390"]
[BlackElo "2420"]

1.d4 Nf6 2.c4 g6 3.Nc3 Bg7 4.e4 d6 5.Nf3 O-O 6.Be2 e5 7.dxe5 dxe5 8.Qxd8 Rxd8
9.Bg5 Re8 10.O-O-O h6 11.Bh4 Na6 12.Ne1 c6 13.Nd3 Nd7 14.Bg4 Ndc5 15.Bxc8 Rexc8
16.Nxc5 Nxc5 17.Be7 Bf8 18.Bxc5 Bxc5 19.f3 Kf8 20.a3 Ke8 21.Kc2 Rd8 22.Ne2 Ke7
23.Nc1 Be3 24.Nd3 Bd4 25.Rhe1 h5 26.Nc1 Rd7 27.Rd3 a6 28.Red1 c5 29.a4 b5
30.axb5 axb5 31.cxb5 Rb7 32.Rb3 Kd6 33.Ne2 Ra5 34.Nc3 Kc7 35.b6+ Kc6 36.Nd5 c4
37.Ra3 Rb5 38.b3 cxb3+ 39.Rxb3 Rxb3 40.Kxb3 Bxb6 41.Kc4 Bd4 42.Rd2 Rb1 43.Nb4+ Kc7
44.Ra2 Kd6 45.Ra6+ Kd7 46.Nd3 Rg1  1/2-1/2

[Event "Skopje ol (Men) fin-C"]
[Site "Skopje"]
[Date "1972.??.??"]
[Round "1"]
[White "Jones, Iolo C"]
[Black "Benitez, Francisco"]
[Result "1/2-1/2"]
[WhiteElo "2200"]
[BlackElo "2200"]

1.d4 Nf6 2.c4 g6 3.Nc3 Bg7 4.e4 d6 5.Be2 O-O 6.Nf3 e5 7.d5 Nbd7 8.O-O Nc5
9.Bg5 h6 10.Be3 a5 11.h3 Kh7 12.Qc2 b6 13.Nd2 Ng8 14.Nb3 Ne7 15.Nxc5 bxc5
16.f4 f5 17.fxe5 Bxe5 18.Qd2 g5 19.exf5 Nxf5 20.Bd3 Bg7 21.Bxf5+ Bxf5 22.g4 Bg6
23.Rxf8 Qxf8 24.Rf1 Qe7 25.b3 Rf8 26.Nd1 Rxf1+ 27.Kxf1 Qf6+ 28.Qf2 Qxf2+
29.Kxf2 Bb1 30.Bd2 Bxa2 31.Bxa5 Bxb3 32.Ne3 Bd4 33.Kf3 Bxe3 34.Kxe3 Bxc4
35.Bxc7 Bxd5 36.Bxd6 c4 37.Bg3 Be6 38.Be5 Kg6 39.Kf3 Bd5+ 40.Kg3 Be4 41.h4 Bd3
42.hxg5  1/2-1/2

[Event "Skopje ol (Men) prel"]
[Site "Skopje"]
[Date "1972.??.??"]
[Round "2"]
[White "Schmidt, Wlodzimierz"]
[Black "Sursock, Sameer"]
[Result "1-0"]
[WhiteElo "2540"]
[BlackElo "2200"]

1.c4 Nf6 2.Nf3 g6 3.Nc3 Bg7 4.e4 d6 5.d4 O-O 6.Be2 e5 7.O-O exd4 8.Nxd4 c6
9.Nc2 Qe7 10.f3 Rd8 11.Bg5 h6 12.Bh4 g5 13.Bf2 Nbd7 14.Re1 Ne5 15.Bf1 Be6
16.b3 Ng6 17.Nd4 Qf8 18.Qc2 Nf4 19.Rad1 Nd7 20.Be3 Be5 21.g3 Ng6 22.Nf5 Nf6
23.Nd4 Qg7 24.Bg2 Nh5 25.Kh1 Rf8 26.Nce2 Rad8 27.f4 gxf4 28.Nxf4 Bg4 29.Nf5 Qh7
30.Nxh5 Bxh5 31.g4 Bxh2 32.Kxh2 Bxg4 33.Nxh6+ Kg7 34.Rd2 Ne5 35.Kg1 Qg6 36.Nxg4 Nxg4
37.Bd4+ f6 38.Rd3 Rh8 39.Rg3 Rh4  1-0

[Event "Skopje ol (Men) prel"]
[Site "Skopje"]
[Date "1972.??.??"]
[Round "2"]
[White "Schaufelberger, Heinz"]
[Black "Katlan"]
[Result "1-0"]
[WhiteElo "2340"]
[BlackElo "2200"]

1.c4 g6 2.Nc3 Bg7 3.d4 Nf6 4.e4 d6 5.Nf3 O-O 6.Be2 e5 7.dxe5 dxe5 8.Qxd8 Rxd8
9.Bg5 Re8 10.O-O-O Nc6 11.Nd5 Nxd5 12.cxd5 Nb8 13.Nd2 Nd7 14.Kb1 a6 15.Rc1 f6
16.Be3 Bf8 17.Rxc7 Bd6 18.Rc2 b5 19.Rhc1 Bb7 20.Nb3 Rac8 21.Nc5 Nxc5 22.Bxc5 Bb8
23.Bg4 f5 24.exf5 gxf5 25.Bxf5 Rcd8 26.Be4 Bxd5 27.Bxd5+ Rxd5 28.Be3 e4 29.Rc8 Kf7
30.Rxe8 Kxe8 31.Rc8+ Rd8 32.Rc6 Rd6 33.Rc5 Rd3 34.Rh5 Rd7 35.Rh6  1-0

[Event "Skopje ol (Men) fin-A"]
[Site "Skopje"]
[Date "1972.??.??"]
[Round "2"]
[White "Ree, Hans"]
[Black "Hamann, Svend"]
[Result "1-0"]
[WhiteElo "2480"]
[BlackElo "2490"]

1.c4 Nf6 2.Nc3 g6 3.e4 d6 4.d4 Bg7 5.Nf3 O-O 6.Be2 e5 7.d5 c5 8.Bg5 h6 9.Bh4 Nbd7
10.Nd2 a6 11.a3 Qc7 12.b4 Nh7 13.f3 f5 14.Bf2 b6 15.Qa4 Bb7 16.Rb1 Ndf6 17.bxc5 bxc5
18.O-O Nh5 19.Rfd1 Nf4 20.Bf1 Ng5 21.Rb2 Rad8 22.Nb3 Bc8 23.Na5 fxe4 24.Nxe4 Nxe4
25.fxe4 Rf6 26.Nc6 Rdf8 27.Qa5 Qf7 28.Qe1 g5 29.Be3 h5 30.Rf2 Bh6 31.Rdd2 Qh7
32.Bxf4 gxf4 33.Rb2 Bg5 34.Qb1 f3 35.Rxf3 Rxf3 36.gxf3 Rxf3 37.Rg2 Qg7 38.Qd1 Rf6
39.Ne7+ Qxe7 40.Rxg5+ Kf8 41.Qxh5 Qf7 42.Qh8+ Ke7 43.Bg2  1-0

[Event "Skopje ol (Men) prel"]
[Site "Skopje"]
[Date "1972.??.??"]
[Round "2"]
[White "Ogaard, Leif"]
[Black "Jamieson, Peter Michael"]
[Result "1-0"]
[WhiteElo "2340"]
[BlackElo "2200"]

1.Nf3 Nf6 2.c4 g6 3.Nc3 Bg7 4.e4 d6 5.d4 O-O 6.Be2 e5 7.O-O Nbd7 8.Re1 exd4
9.Nxd4 Nc5 10.f3 Ne6 11.Be3 a6 12.Qd2 Nxd4 13.Bxd4 Be6 14.Rad1 Re8 15.Bf1 Rb8
16.Ba7 Rc8 17.Be3 Qe7 18.Nd5 Qf8 19.Qb4 b6 20.Qd2 Nd7 21.b3 h6 22.g3 Kh7
23.Bg2 b5 24.cxb5 axb5 25.Bf1 Ne5 26.Bg2 Bh3 27.Bh1 Be6 28.f4 Ng4 29.Bd4 Bxd5
30.Bxg7 Qxg7 31.Qxd5 Rb8 32.Bf3 Nf6 33.Qc6 Re7 34.e5 dxe5 35.fxe5 Ng8 36.Rd7 Rbe8
37.Rxe7 Rxe7 38.Qxb5 Qf8 39.a4 Qc8 40.a5 Qf5 41.Be4 Qg5 42.a6 Qd2  1-0

[Event "Skopje ol (Men) fin-D"]
[Site "Skopje"]
[Date "1972.??.??"]
[Round "3"]
[White "Bisson, John"]
[Black "Kwan Nam Seng"]
[Result "0-1"]
[WhiteElo "2200"]
[BlackElo "2200"]

1.d4 Nf6 2.c4 g6 3.Nc3 Bg7 4.Nf3 O-O 5.e4 d6 6.Be2 Nbd7 7.O-O e5 8.d5 Nh5
9.Qc2 Nf4 10.Bd1 h6 11.g3 Nh3+ 12.Kg2 Nf6 13.Kh1 Nh7 14.Nh4 Re8 15.Be3 Nf8
16.Qd2 Kh7 17.Rc1 b6 18.Ng2 Qe7 19.Bf3 g5 20.Qc2 Ng6 21.Bh5 Kh8 22.Bxg6 fxg6
23.f4 gxf4 24.gxf4 exf4 25.Bxf4 g5 26.Bg3 a6 27.Rce1 Kg8 28.Re3 Bd7 29.Qd3 Rf8
30.Rfe1 Be5 31.Qc2 Bg4 32.Nd1 Bxg3 33.Rxg3 Bxd1 34.Rxd1 Nf2+ 35.Kg1 Nxd1
36.Qxd1 Qxe4 37.b3 Rf6 38.Re3 Qf5 39.Qe2 Raf8 40.h3 Qf1+ 41.Qxf1 Rxf1+ 42.Kh2 R1f2
43.a4 R8f3 44.Re7 Rxb3 45.Rxc7 Rbb2  0-1

[Event "Skopje ol (Men) fin-B"]
[Site "Skopje"]
[Date "1972.??.??"]
[Round "3"]
[White "Cuellar Gacharna, Miguel"]
[Black "Keene, Raymond D"]
[Result "1/2-1/2"]
[WhiteElo "2395"]
[BlackElo "2435"]

1.d4 g6 2.c4 Bg7 3.Nc3 d6 4.Nf3 Nf6 5.e4 O-O 6.Be2 e5 7.O-O Nbd7 8.Re1 c6
9.Bf1 Re8 10.d5 c5 11.a3 Re7 12.b4 b6 13.Nd2 Ne8 14.Nb3 f5 15.f3 Ndf6 16.Ra2 Rf7
17.Be3 Bf8 18.Bd3 f4 19.Bf2 h5 20.Kf1 Bh6 21.Qa1 g5 22.Ke2 Nh7 23.Kd1 g4
24.Kc2 Rg7 25.Bf1 Bg5 26.bxc5 bxc5 27.Qd1 Be7 28.Kd3 Ng5 29.Nd2 Nf6 30.Be2 Qd7
31.Bf1 Rb8 32.Qa4 Qxa4 33.Nxa4 Bd8 34.Nc3 Ba5 35.Bh4 Ngh7 36.Rb1 Rxb1 37.Ndxb1 gxf3
38.gxf3 Rg1 39.Rg2+ Rxg2 40.Bxg2 a6 41.Nd2 Kf7 42.Nb3 Bc7 43.Nd1 Nf8 44.Be1 Ng6
45.Ke2  1/2-1/2

[Event "Skopje ol (Men) fin-C"]
[Site "Skopje"]
[Date "1972.??.??"]
[Round "3"]
[White "Berrios Pagan, Angel"]
[Black "Matsumoto, Ysauji"]
[Result "1/2-1/2"]
[WhiteElo "2250"]
[BlackElo "2200"]

1.d4 Nf6 2.c4 g6 3.Nc3 Bg7 4.e4 d6 5.Be2 O-O 6.Nf3 e5 7.d5 Nbd7 8.O-O Ne8
9.Ne1 f5 10.f3 Ndf6 11.Be3 Bd7 12.c5 dxc5 13.Bxc5 Nd6 14.Qc2 Rf7 15.Nd3 Qe8
16.Nf2 Nb5 17.Bxb5 Bxb5 18.Rfd1 Ba6 19.Be3 Qf8 20.Nd3 Bh6 21.Bc5 Bxd3 22.Bxf8 Bxc2
23.Bxh6 Bxd1 24.Rxd1 fxe4 25.Nxe4 Nxe4 26.fxe4 Rd8 27.Rc1 c6 28.dxc6 bxc6
29.h3 Rc8 30.Rd1 Rb7 31.b3 Kf7 32.Be3 Ke6 33.Bc5 Rd7 34.Rc1 Rcd8 35.Rc4 Rb8
36.Ra4 Rbb7 37.Ra6 Rdc7 38.Kf2 Kd7 39.b4 Rc8 40.Ra3 Ke6 41.Ke2 Ra8 42.Kd3 a6
43.Kc4 Rd7 44.g4 Rd1 45.Rf3 a5 46.g5 axb4 47.Rf6+ Kd7 48.Rf7+ Kc8 49.Bxb4 Rd7
50.Rf6 Rxa2 51.Rxc6+ Rc7 52.Rxc7+ Kxc7 53.Kd5 Kd7 54.Kxe5 Ra4 55.Be1 Ke8
56.h4 Kf7 57.Bg3 Ke7 58.Be1 Kf7 59.Bg3 Ra3 60.Be1 Rb3 61.Bf2 Rb2 62.Be1 Ke7
63.Kf4 Kd6 64.Bc3 Rb3 65.Bf6 Ke6 66.Bg7 Ra3 67.Kg4 Ra7 68.Bc3 Rf7 69.Bb2 Kd6
70.Bc3 Kc5 71.Bf6 Kd6 72.h5 Ke6 73.hxg6 hxg6 74.Kf4 Rh7 75.Ke3 Rh1 76.Kd4 Re1
77.Kd3 Kd6 78.Kd4 Kc6 79.Kd3 Kc5 80.Be7+  1/2-1/2

[Event "Skopje ol (Men) prel"]
[Site "Skopje"]
[Date "1972.??.??"]
[Round "3"]
[White "McGrillen, Hugh"]
[Black "Krstic, Slobodan"]
[Result "1/2-1/2"]
[WhiteElo "2200"]
[BlackElo "2200"]

1.d4 Nf6 2.c4 g6 3.Nc3 Bg7 4.e4 d6 5.Be2 O-O 6.Nf3 e5 7.Be3 Ng4 8.Bg5 f6
9.Bh4 Nc6 10.O-O h5 11.h3 Nh6 12.dxe5 dxe5 13.Qxd8 Nxd8 14.Rad1 Ne6 15.Bg3 Nf7
16.Nd5 Rd8 17.Nd2 c6 18.Nc3 Bh6 19.Rfe1 b6 20.Bf1 Ba6 21.b4  1/2-1/2

[Event "Skopje ol (Men) fin-C"]
[Site "Skopje"]
[Date "1972.??.??"]
[Round "4"]
[White "Onat, Ilhan"]
[Black "Ojanen, Kaarle Sakari"]
[Result "1/2-1/2"]
[WhiteElo "2320"]
[BlackElo "2300"]

1.d4 Nf6 2.c4 g6 3.Nc3 Bg7 4.e4 d6 5.Be2 O-O 6.Nf3 Nbd7 7.O-O e5 8.Be3 c6
9.Qc2 exd4 10.Bxd4 Re8 11.Rfe1 Qe7 12.Bf1 Ne5 13.Nd2 Nfg4 14.h3 c5 15.Nd5 Qd8
16.Bc3 Nf6 17.Rad1 Nxd5 18.cxd5 g5 19.Nc4 Nxc4 20.Bxc4 Bxc3 21.Qxc3 Re5 22.Rd3 Bd7
23.Rg3 Qf6 24.Be2 Rae8 25.Bh5 R8e7 26.Ree3 b6 27.Rxg5+ Qxg5 28.Rg3 Qxg3 29.Qxg3+ Kf8
30.Bf3 f6 31.Qf4 Kg7 32.g4 Be8 33.Bg2 h5 34.f3 hxg4 35.hxg4 Bf7 36.Qg3 Re8
37.f4 Rxe4 38.Bxe4 Rxe4 39.g5 Bxd5 40.gxf6+ Kxf6 41.Qg5+ Ke6 42.f5+ Kd7  1/2-1/2

[Event "Skopje ol (Men) fin-C"]
[Site "Skopje"]
[Date "1972.??.??"]
[Round "4"]
[White "Figueirido, Mario"]
[Black "Kerr, Brian"]
[Result "1/2-1/2"]
[WhiteElo "2200"]
[BlackElo "2200"]

1.d4 Nf6 2.c4 g6 3.Nc3 Bg7 4.e4 d6 5.Nf3 O-O 6.Be2 e5 7.Bg5 h6 8.Bh4 g5 9.Bg3 Nh5
10.dxe5 Nxg3 11.hxg3 dxe5 12.Qxd8 Rxd8 13.Nd5 Na6 14.O-O-O Be6 15.Nh2 c6
16.Ne3 Nc5 17.f3 Kh7 18.b3 Rd4 19.g4 Rad8 20.Nc2 Rxd1+ 21.Rxd1 Rxd1+ 22.Kxd1 a5
23.Nf1 Bf8 24.Nce3 Na6 25.Bd3 Nb4 26.Bb1 Na6 27.Kd2 Kg7 28.Nd1 Nc7 29.Nfe3 Bd7
30.Nb2 Ne6 31.Nd3 Kf6 32.Nc2 Nf4 33.Nce1 Bd6 34.c5 Be7 35.a3 Be6 36.Bc2 Bf8
37.Bd1 Be7 38.Kc3 Bf8 39.g3 Nxd3 40.Nxd3 Be7 41.b4 axb4+ 42.axb4 Ba2 43.Ba4 Be6
44.Nb2 Kg6 45.Bd1 Kf6 46.Be2 Bf8 47.Bc4 Bd7 48.Na4 Ke7 49.Nb6 Be8 50.Be2 Kd8
51.Nc4 f6 52.Na5 Kc7 53.Nc4 Bf7 54.Nb6 Be8 55.Bc4 Bd7 56.Bf7 Be7 57.Kc4 Bf8
58.Na4 Be7 59.Nc3 Bf8 60.Bg6 Be7  1/2-1/2

[Event "Skopje ol (Men) prel"]
[Site "Skopje"]
[Date "1972.??.??"]
[Round "4"]
[White "Wirthensohn, Heinz"]
[Black "Whiteley, Andrew J"]
[Result "1-0"]
[WhiteElo "2315"]
[BlackElo "2310"]

1.c4 Nf6 2.Nf3 g6 3.Nc3 Bg7 4.e4 d6 5.d4 O-O 6.Be2 e5 7.Be3 Qe7 8.d5 Ng4
9.Bg5 f6 10.Bh4 Qe8 11.Nd2 f5 12.b4 a5 13.bxa5 Rxa5 14.Nb5 Qf7 15.O-O b6
16.Bxg4 fxg4 17.f3 gxf3 18.Rxf3 Qd7 19.Rxf8+ Bxf8 20.a4 Bh6 21.Nb3 Ra8 22.Bf2 Ba6
23.Qd3 Qf7 24.a5 Bxb5 25.cxb5 bxa5 26.Qh3 Kg7 27.Qc8 a4 28.Nd4 Bf4 29.Ne6+ Kh6
30.g3 Bd2 31.Qb7 Qf3 32.Qxa8 Be3 33.Rf1 Nd7 34.Qd8 Nf6 35.Qxf6  1-0

[Event "Skopje ol (Men) fin-B"]
[Site "Skopje"]
[Date "1972.??.??"]
[Round "5"]
[White "Garcia Martinez, Silvino"]
[Black "Ardiansyah, Haji"]
[Result "1-0"]
[WhiteElo "2335"]
[BlackElo "2340"]

1.c4 Nf6 2.Nc3 g6 3.e4 d6 4.d4 Bg7 5.Be2 O-O 6.Nf3 Nbd7 7.O-O e5 8.Re1 c6
9.Bf1 Qc7 10.Rb1 Ne8 11.b3 Ndf6 12.dxe5 dxe5 13.Ba3 c5 14.b4 Bg4 15.bxc5 Bxf3
16.Qxf3 Qc6 17.Nd5 Kh8 18.Qb3 Rb8 19.Qb5 Nd7 20.Qxc6 bxc6 21.Ne7 Nef6 22.Nxc6 Rxb1
23.Rxb1 Nxe4 24.Nxa7 Nexc5 25.Rb5 Na4 26.Ra5 Nc3 27.Nb5 Ne4 28.Bxf8 Bxf8
29.Ra7 Ndf6 30.Bd3 Kg7 31.Bxe4 Nxe4 32.a4 Bc5 33.Rb7 Nxf2 34.a5 e4 35.a6 Ng4+
36.Kf1 Ne3+ 37.Ke2 Nxg2 38.a7 Nf4+ 39.Kd1  1-0

[Event "Skopje ol (Men) fin-D"]
[Site "Skopje"]
[Date "1972.??.??"]
[Round "5"]
[White "Bisson, John"]
[Black "Thomsen, D."]
[Result "1/2-1/2"]
[WhiteElo "2200"]
[BlackElo "2200"]

1.d4 Nf6 2.c4 g6 3.Nf3 Bg7 4.Nc3 O-O 5.e4 d6 6.Be2 e5 7.d5 Nbd7 8.Be3 Nc5
9.Bxc5 dxc5 10.Qc2 Ne8 11.O-O f5 12.exf5 Bxf5 13.Bd3 Nd6 14.Ne4 Bxe4 15.Bxe4 Rf4
16.Rae1 Qf6 17.Nd2 Rf8 18.Re2 Qe7 19.b3 Bh8 20.Qd3 Re8  1/2-1/2

[Event "Skopje ol (Men) prel"]
[Site "Skopje"]
[Date "1972.??.??"]
[Round "5"]
[White "Hort, Vlastimil"]
[Black "Krstic, Slobodan"]
[Result "1-0"]
[WhiteElo "2600"]
[BlackElo "2200"]

1.d4 Nf6 2.c4 g6 3.Nc3 Bg7 4.e4 d6 5.Be2 O-O 6.Nf3 e5 7.d5 Nbd7 8.Bg5 h6
9.Bh4 a5 10.Nd2 c6 11.O-O g5 12.Bg3 Nc5 13.Qc2 Bd7 14.Rac1 Rc8 15.Qb1 Qb6
16.h3 Kh8 17.Rc2 Rg8 18.Qd1 Bf8 19.Kh2 Be7 20.f3 Qd8 21.Bf2 Na6 22.dxc6 bxc6
23.c5 Nb8 24.cxd6 Bxd6 25.Nc4 Bc7 26.Nd6 Bxd6 27.Qxd6 Re8 28.Na4  1-0